000 00846nam a2200253Ia 4500
003 OSt
005 20220923223401.0
006 a|||||r|||| 00| 0
007 ta
008 220922b |||||||| |||| 00| 0 hin d
024 _a214,527
037 _cTextual
040 _aARTS
_cARTS
_bhin
041 _2hin
_ahin
082 _aO152,3N052x, N0
100 _aसिंह, राजेश्वर प्रसाद नारायण
_9162107
245 0 _aचतुरंग
246 _aChaturanga
260 _aमेरठ
_b ुअर्चना प्रका0
_c1990
300 _a404 पृ.
_ccm.
650 _aहिन्दी साहित्य
_9156264
942 _hO152,3N052x, N0
_cTEXL
_2CC
999 _c364458
_d364458